Central Library OPAC University of Rajshahi

Histories of the kings of Britain / (Record no. 82645)

MARC details
000 -LEADER
fixed length control field 00808nam a2200253 a 4500
001 - CONTROL NUMBER
control field 82645
003 - CONTROL NUMBER IDENTIFIER
rucl marc code BD-RjUL
005 - DATE AND TIME OF LATEST TRANSACTION
control field 20240116143037.0
008 - FIXED-LENGTH DATA ELEMENTS--GENERAL INFORMATION
fixed length control field 2401 s1903 enk 000 0 eng d
035 ## - SYSTEM CONTROL NUMBER
System control number (BD-RjUL)82645
040 ## - CATALOGING SOURCE
Original cataloging agency HUJI
Language of cataloging eng
Transcribing agency BD-RjUL
041 0# - LANGUAGE CODE
Language code of text/sound track or separate title eng
082 ## - DEWEY DECIMAL CLASSIFICATION NUMBER
Edition number 23
Classification number 942.010922
Author mark and year GEH 1903
100 0# - MAIN ENTRY--PERSONAL NAME
Personal name Geoffrey,
Dates associated with a name 1100?-1154
9 (RLIN) 10878
245 10 - TITLE STATEMENT
Title Histories of the kings of Britain /
Statement of responsibility, etc. Tr.By Sebastian Evens.
260 ## - PUBLICATION, DISTRIBUTION, ETC. (IMPRINT)
Place of publication, distribution, etc. London :
Name of publisher, distributor, etc. J.M.Dent,
Date of publication, distribution, etc. 1904.
300 ## - PHYSICAL DESCRIPTION
Pagination xxiv, 250 pages.
Size 17 cm
600 04 - SUBJECT ADDED ENTRY--PERSONAL NAME
Personal name Arthur,
Titles and other words associated with a name King
Personal name Merlin
Titles and other words associated with a name (Legendary character)
650 #4 - SUBJECT ADDED ENTRY--TOPICAL TERM
Topical term or geographic name as entry element Legends
Geographic subdivision Great Britain.
9 (RLIN) 10881
651 #4 - SUBJECT ADDED ENTRY--GEOGRAPHIC NAME
Geographic name Great Britain
General subdivision History
Chronological subdivision To 449
9 (RLIN) 10882
700 1# - ADDED ENTRY--PERSONAL NAME
Personal name Evans, Sebastian,
Dates associated with a name 1830-1909
942 ## - ADDED ENTRY ELEMENTS (KOHA)
Source of classification or shelving scheme Dewey Decimal Classification
Koha item type Books
Holdings
Lost status Source of classification or shelving scheme Damaged status Not for loan Collection code Permanent Location Current Location Shelving location Date acquired Total Checkouts Full call number Date last seen Copy number Koha item type
  Dewey Decimal Classification   Not For Loan Non-fiction Central Library, University of Rajshahi Central Library, University of Rajshahi Reading Room 16/01/2024   942.010922 GEH 1903 16/01/2024 C-1 Books